| 000 | 01312cab a2200277 4500 | ||
|---|---|---|---|
| 001 | ABS67327 | ||
| 008 | 040109n2003 000 0 eng u | ||
| 035 | _a(Sirsi) u124810 | ||
| 100 | _aJones, P. | ||
| 245 | 4 | _aThe rich man in his castle, the poor man at his gate? | |
| 260 | _c2003 | ||
| 490 |
_aTown & Country Planning _v72(10)November 2003, 324-326(3) |
||
| 520 | _aExamines a perceived conflict between the government commitment to sustainable communities and the increasing development of private gated communities. Gives examples of gated communities throughout America and in the United Kingdom and anticipates their continuing growth citing factors such as security, safety and privacy as key elements in their popularity. The article also notes the absence of any formal guidance from central government on gated communities and few, if any, policies from local authorities but draws no firm conclusions on the long-term impact of gated communities | ||
| 590 | _aABS | ||
| 650 | _aGATED COMMUNITIES | ||
| 650 | _aSUSTAINABLE COMMUNITIES | ||
| 650 | _aSECURITY | ||
| 650 | _aSAFETY | ||
| 650 | _aPRIVACY | ||
| 650 | _aSUSTAINABLE DEVELOPMENT | ||
| 650 | _aUNITED STATES | ||
| 690 | _aPROPERTY-PROPERTY DEVELOPMENT | ||
| 700 | _aHillier, D. | ||
| 700 | _aComfort, D. | ||
| 942 | _n0 | ||
| 999 |
_c74057 _d74057 |
||